Walmsley`s rural, estate management (Record no. 87994)

MARC details
000 -LEADER
fixed length control field 00550cam a2200229 4500
001 - CONTROL NUMBER
control field D9659
008 - FIXED-LENGTH DATA ELEMENTS--GENERAL INFORMATION
fixed length control field 090401t1978 xxu||||| |||| 00| 0 eng d
035 ## - SYSTEM CONTROL NUMBER
System control number (Sirsi) u21508
041 ## - LANGUAGE CODE
Language code of text/sound track or separate title eng
050 ## - LIBRARY OF CONGRESS CALL NUMBER
Classification number 631.1
100 ## - MAIN ENTRY--PERSONAL NAME
Personal name Walmsley, R Charles
245 ## - TITLE STATEMENT
Title Walmsley`s rural, estate management
250 ## - EDITION STATEMENT
Edition statement 6th
260 ## - PUBLICATION, DISTRIBUTION, ETC.
Place of publication, distribution, etc. London
Name of publisher, distributor, etc. Estates Gazette
Date of publication, distribution, etc. 1978
300 ## - PHYSICAL DESCRIPTION
Extent xxvi. 589p. 22cm
350 ## - PRICE (NR) (BK AM CF MU VM SE) [OBSOLETE]
Price 20
520 ## - SUMMARY, ETC.
Summary, etc. Seabrooke,W (ed)
700 ## - ADDED ENTRY--PERSONAL NAME
Personal name Miles, C.W.N (ed)
700 ## - ADDED ENTRY--PERSONAL NAME
Personal name Long, H.A.R (ed)
942 ## - ADDED ENTRY ELEMENTS (KOHA)
Suppress in OPAC 0
948 ## - LOCAL PROCESSING INFORMATION (OCLC); SERIES PART DESIGNATOR (RLIN)
c (OCLC) 04/03/1997
Holdings
Withdrawn status Lost status Source of classification or shelving scheme Damaged status Not for loan Home library Current library Shelving location Date acquired Cost, normal purchase price Total Checkouts Full call number Barcode Date last seen Copy number Cost, replacement price Price effective from Koha item type Date last checked out
    Dewey Decimal Classification     London London Books 14/09/1999 20.00   631.1 30018987 06/08/2019 1 20.00 06/08/2019 Reference material  
    Dewey Decimal Classification     London London Books 14/09/1999 20.00 3 631.1 30018991 06/08/2019 2 20.00 06/08/2019 Book 11/06/2003